Acta de la 5ta. sesión ordinaria del 19 de diciembre del 2012, Asunto: Informe sobre Pruebas Nacionalesy sus innovaciones y avances de la revisión curricular (Record no. 9108)

MARC details
000 -LEADER
campo de control de longitud fija 00571nam a2200133Ia 4500
001 - NÚMERO DE CONTROL
campo de control 3111
008 - DATOS DE LONGITUD FIJA--INFORMACIÓN GENERAL
campo de control de longitud fija 241024s9999 xx 000 0 und d
082 ## - NÚMERO DE LA CLASIFICACIÓN DECIMAL DEWEY
Número de clasificación RD/370.97293/R426a/5/2012
100 ## - ENTRADA PRINCIPAL--NOMBRE DE PERSONA
Nombre de persona República Dominicana.Ministerio de Educación, MINERD. Consejo Nacional de Educación. MINERD
245 #0 - MENCIÓN DEL TÍTULO
Título Acta de la 5ta. sesión ordinaria del 19 de diciembre del 2012, Asunto: Informe sobre Pruebas Nacionalesy sus innovaciones y avances de la revisión curricular
260 ## - PUBLICACIÓN, DISTRIBUCIÓN, ETC.
Nombre del editor, distribuidor, etc. Santo Domingo, República Dominicana
Fecha de publicación, distribución, etc. 2012
901 ## - ELEMENTOS DE DATOS A LOCAL LDA (RLIN)
a 5/8/2013 11:49:21 a.m.

No items available.

© 2024. Todos los Derechos Reservados. Desarrollado por IDEICE